LEADER 01275nam a2200289 i 4500 001 991001289179707536 008 s2004 it 000 0 ita d 020 $a8846457609 035 $ab13349788-39ule_inst 040 $aDip. SSC$bita 082 $a331 245 13$aLe competenze per l'occupabilità :$bconcetti chiave e approcci di analisi /$ca cura di Gabriella Di Francesco 260 $aMilano :$bAngeli,$c2004 300 $a255 p. ;$c22 cm 440 0$aStrumenti e ricerche ;$v152 500 $aIn testa al front.: Unione europea, Fondo sociale europeo; Ministero del lavoro e delle politiche sociali, Ufficio per l'orientamento e la formazione professionale dei lavoratori 500 $aIn cop.: Isfol 650 4$aFormazione professionale 700 1 $aDi Francesco, Gabriella 710 1 $aISFOL 907 $a.b13349788$b02-04-14$c02-11-05 912 $a991001289179707536 945 $aLE022 331 DIF01.01$g1$i2022000118903$lle022$op$pE21.50$q-$rl$s- $t0$u4$v0$w4$x0$y.i14155382$z21-11-05 945 $aLE021 DI9BISA95$g1$i2021000122798$lle021$nSpedicato$o-$pE0.00$q-$rl$s- $t0$u6$v2$w6$x0$y.i14142946$z02-11-05 996 $aCompetenze per l'occupabilità$91093521 997 $aUNISALENTO 998 $a(2)le022$ale021$b02-11-05$cm$d- $e-$fita$git $h3$i3